[Event "Clark Harmon Memorial 8th"]
[Site "Seattle"]
[Date "2014.05.04"]
[Round "4"]
[White "Anthony, Ralph J"]
[Black "Allen, Robert"]
[Result "1-0"]
[WhiteElo "1671"]
[BlackElo "1702"]
[PlyCount "71"]
[EventDate "2014.05.03"]
[EventType "swiss"]
[EventRounds "5"]
[EventCountry "USA"]
[SourceTitle "EXT 2017"]
[Source "ChessBase"]
[SourceDate "2016.10.25"]
[SourceVersion "1"]
[SourceVersionDate "2016.10.25"]
[SourceQuality "1"]

1. e4 c5 2. Nf3 d6 3. d4 cxd4 4. Nxd4 Nf6 5. f3 g6 6. c4 Bg7 7. Nc3 0-0 8. Be3 Nc6 9. Nc2 Bd7 10. Be2 Rc8 11. 0-0 Ne5 12. b3 a6 13. Qd2 Qc7 14. Rac1 b5 15. Nb4 bxc4 16. Ncd5 Nxd5 17. Nxd5 Qd8 18. Bb6 Qe8 19. Nc7 Qd8 20. Nd5 Qe8 21. f4 Ng4 22. Nc7 Qd8 23. Qa5 Bd4+ 24. Bxd4 Qxc7 25. Bb6 Qb7 26. Bxc4 Rb8 27. Bc7 Qa7+ 28. Kh1 Nf2+ 29. Rxf2 Qxf2 30. Rf1 Qd4 31. Bxb8 Rxb8 32. Qc7 Qxe4 33. Qxb8+ Kg7 34. Qb6 d5 35. Bxa6 d4 36. Qc7 1-0